Four Kingdom Motifs Before and Beyond the Book of Daniel /
The four kingdoms motif enabled writers of various cultures, times, and places, to periodize history as the staged succession of empires barrelling towards an utopian age. The motif provided order to lived experiences under empire (the present), in view of ancestral traditions and cultural heritage...
مؤلفون آخرون: ,
التنسيق: كتاب الكتروني
اللغة: English
منشور في:
Leiden; Boston :
BRILL,
2021.
سلاسل:
Themes in Biblical Narrative ;
28.
الموضوعات:
الوصول للمادة أونلاين: Login to view Source
الوسوم: إضافة وسم
رقم الطلب: BR21
| LEADER | 02419nam a22004331i 4500 | ||
|---|---|---|---|
| 001 | BRILL9789004443280 | ||
| 003 | nllekb | ||
| 005 | 20210602094933.0 | ||
| 006 | m d | ||
| 007 | cr un uuuua | ||
| 008 | 200813s2021 ne sb 001 0 eng d | ||
| 020 | |a 9789004443280 |q (electronic book) | ||
| 020 | |a 9789004442795 |q (print) | ||
| 024 | 7 | |a 10.1163/9789004443280 |2 DOI | |
| 035 | |z (OCoLC)1178897592 | ||
| 040 | |a NL-LeKB |c NL-LeKB |e rda | ||
| 050 | 4 | |a BR21 | |
| 072 | 7 | |a HRCG |2 bicssc | |
| 072 | 7 | |a REL |x 006400 |2 bisacsh | |
| 082 | 0 | 4 | |a 220.6 |2 23 |
| 245 | 0 | 0 | |a Four Kingdom Motifs Before and Beyond the Book of Daniel / |c edited by Andrew Perrin, Loren T. Stuckenbruck. |
| 264 | 1 | |a Leiden; |a Boston : |b BRILL, |c 2021. | |
| 300 | |a 1 online resource. | ||
| 336 | |a text |b txt |2 rdacontent | ||
| 337 | |a computer |b c |2 rdamedia | ||
| 338 | |a online resource |2 rdacarrier | ||
| 490 | 1 | |a Themes in Biblical Narrative ; |v 28 | |
| 504 | |a Includes bibliographical references and index. | ||
| 520 | |a The four kingdoms motif enabled writers of various cultures, times, and places, to periodize history as the staged succession of empires barrelling towards an utopian age. The motif provided order to lived experiences under empire (the present), in view of ancestral traditions and cultural heritage (the past), and inspired outlooks assuring hope, deliverance, and restoration (the future). Four Kingdoms Motifs Before and Beyond the Book of Daniel includes thirteen essays that explore the reach and redeployment of the motif in classical and ancient Near Eastern writings, Jewish and Christian scriptures, texts among the Dead Sea Scrolls, Apocrypha and pseudepigrapha, depictions in European architecture and cartography, as well as patristic, rabbinic, Islamic, and African writings from antiquity through the Mediaeval eras. | ||
| 588 | |a Description based on print version record. | ||
| 650 | 0 | |a Biblical interpretation. | |
| 700 | 1 | |a Perrin, Andrew, |e editor. | |
| 700 | 1 | |a Stuckenbruck, Loren T., |e editor. | |
| 776 | 0 | 8 | |i Print version: |t Four Kingdom Motifs Before and Beyond the Book of Daniel, |d Leiden ; Boston : BRILL, 2021 |z 9789004442795 |
| 830 | 0 | |a Themes in Biblical Narrative ; |v 28. | |
| 856 | 4 | |z DOI: |u http://dx.doi.org/10.1163/9789004443280 | |
| 942 | |c EBOOK | ||
| 952 | |0 0 |1 0 |4 0 |7 1 |9 12940 |a BRILL |b BRILL |d 2021-06-02 |l 0 |r 2021-06-02 00:00:00 |w 2021-06-02 |y EBOOK | ||
| 999 | |c 34394 |d 34394 | ||
